| 000 | 01906cam a22002054a 4500 | ||
|---|---|---|---|
| 005 | 20250605164230.0 | ||
| 008 | 250528s ||||||||||||||||||||||||d | ||
| 035 | _a20926 | ||
| 020 | _a9789605014599 | ||
| 040 |
_aGR-AtMCL _bgre _dGR-AtMCL _eAACR2 |
||
| 245 | 1 | _aΨυχολογία της Διατροφής / Πώς οι Διατροφικές Συνήθειες Αντανακλούν τον Συναισθηματικό μας Κόσμο | |
| 250 | _a1η | ||
| 260 |
_bΜεταίχμιο, _c2011 |
||
| 300 | _a224 | ||
| 520 | _aΤο βιβλίο απευθύνεται σε επιστήμονες των κλάδων της διατροφής και της ψυχικής υγείας. Πρόλογος, Εισαγωγή, Ψυχολογία και Διατροφή: Θεωρητική Προσέγγιση, Μάθηση και Διατροφή, Η Πείνα και ο Κορεσμός, Όταν η Κατανάλωση Τροφής Γίνεται Προβληματική: Διαταραχές Πρόσληψης της Τροφής, Η Νευρική Ανορεξία (Anorexia Nervosa), Διαταραχες Υπερφαγίας: Βουλιμία και Υπερφαγία, Ψυχικές Διαταραχές και Νοσήματα που Σχετίζονται με τη Πρόσληψη Τροφής, Αντιμετώπιση των Διαταραχών Πρόσληψης Τροφής και Επαγγελματική Υποστήριξη, Διαγνωστικά και Υποστηρικτά Μέσα, Ψυχοθεραπευτικές Προσεγγίσεις στις Διαταραχές Πρόσληψης Τροφής, Γενικά Συμπεράσματα - Επίλογος, Παράρτημα: Μαρτυρίες Πασχόντων, Βιβλιογραφία. | ||
| 700 | 1 |
_aΕμμανουηλίδου Καλλιόπη _96916 |
|
| 942 | _cBK | ||
| 999 |
_c6003 _d6003 |
||